| 000 | 00791nam a2200217Ia 4500 | ||
|---|---|---|---|
| 003 | GCL | ||
| 008 | 140319s9999 xx 000 0 ara d | ||
| 040 |
_aGCL / _cGCL |
||
| 082 | 0 | 4 |
_a001.6425 _bم ا |
| 100 | 1 | _aمحيى الدين محمد محمد حسن | |
| 245 | 1 | 0 |
_aاساسيات البرامج الجاهزة: اضواء على عالم البرمجيات الحديثة / _cمحيى الدين محمد محمد حسن |
| 260 |
_a[S.N] : _bدار الراتب الجامعية ، _c1994 |
||
| 300 | _a246 ص | ||
| 490 | _a | ||
| 650 | 0 | 4 | _aالحاسبات الالكترونية |
| 650 | 0 | 4 | _aالبرامج |
| 650 | 0 | 4 | _aمايكروسوفت |
| 650 | 0 | 4 | _aالبرامج الالية |
| 650 | 0 | 4 | _aالحاسبات الالكترونية - برامج |
| 942 |
_2ddc _cBK |
||
| 999 |
_c46781 _d46781 |
||